| 000 | 00565cam a22001457a 4500 | ||
|---|---|---|---|
| 999 |
_c508675 _d508675 |
||
| 008 | 180718b-- xxu||||| |||| 00| 0 eng d | ||
| 082 | _aB73065x5444 1990-91 | ||
| 100 |
_aKarnataka. Directorate of Economics and Statistics _93568 |
||
| 245 |
_aMunicipal statistics, Karnataka, 1990-91 _cby Directorate of Economics and Statistics, Karnataka |
||
| 260 |
_aBangalore _bDirectorate of Economics and Statistics _c1991 |
||
| 300 | _a114p. | ||
| 500 | _aLibrary has 1990/91-1999/2000 | ||
| 650 |
_aMunicipal government - Statistics - India - Karnataka _94005 |
||
| 942 | _2ddc | ||